parasites toxocara vituro;um in calves in deomrus commune kandal stueng disrict,kandal province បរាសិត TOXOCARA VITULORUM ក្នុងក្រពះពោះរៀនកូនគោ នៅឃុំដើមឬស ស្រុកកណ្តាលស្ទឹង ខេត្តកណ្តាល (Record no. 18318)
[ view plain ]
| 000 -LEADER | |
|---|---|
| fixed length control field | 00688nam a22001577a 4500 |
| 003 - CONTROL NUMBER IDENTIFIER | |
| control field | LRUA |
| 005 - DATE AND TIME OF LATEST TRANSACTION | |
| control field | 20191022154031.0 |
| 008 - FIXED-LENGTH DATA ELEMENTS--GENERAL INFORMATION | |
| fixed length control field | 191022b xxu||||| |||| 00| 0 eng d |
| 040 ## - CATALOGING SOURCE | |
| Transcribing agency | RUA |
| 082 ## - DEWEY DECIMAL CLASSIFICATION NUMBER | |
| Classification number | AVM ENG 2018 B649 Or.1 |
| 100 ## - MAIN ENTRY--PERSONAL NAME | |
| 9 (RLIN) | 13959 |
| Personal name | ENG THY អេង ទី |
| 245 ## - TITLE STATEMENT | |
| Title | parasites toxocara vituro;um in calves in deomrus commune kandal stueng disrict,kandal province បរាសិត TOXOCARA VITULORUM ក្នុងក្រពះពោះរៀនកូនគោ នៅឃុំដើមឬស ស្រុកកណ្តាលស្ទឹង ខេត្តកណ្តាល |
| 260 ## - PUBLICATION, DISTRIBUTION, ETC. (IMPRINT) | |
| Place of publication, distribution, etc. | RUA |
| Name of publisher, distributor, etc. | Phnom penh |
| Date of publication, distribution, etc. | 2018 |
| 300 ## - PHYSICAL DESCRIPTION | |
| Extent | x;31p |
| Other physical details | ill; |
| Dimensions | 29cm |
| 942 ## - ADDED ENTRY ELEMENTS (KOHA) | |
| Source of classification or shelving scheme | |
| Koha item type | AVM |
| Price effective from | Date last seen | Permanent Location | Not for loan | Date acquired | Source of classification or shelving scheme | Koha item type | Barcode | Lost status | Damaged status | Shelving location | Withdrawn status | Current Location | Full call number |
|---|---|---|---|---|---|---|---|---|---|---|---|---|---|
| 2019-10-22 | 2019-10-22 | Library Block B | 2019-10-22 | AVM | A43024 | B649 | Library Block B | AVM ENG 2018 B649 Or.1 | |||||
| 2019-10-22 | 2019-10-22 | Library Block B | 2019-10-22 | AVM | A43881 | B649 | Library Block B | AVM ENG 2018 B649 Or.2 | |||||
| 2019-10-22 | 2019-10-22 | Library Block B | 2019-10-22 | AVM | A44011 | B649 | Library Block B | AVM ENG 2018 B649 Or.3 | |||||
| 2019-10-22 | 2019-10-22 | Library Block B | 2019-10-22 | AVM | A44086 | B649 | Library Block B | AVM ENG 2018 B649 Or.4 | |||||
| 2019-10-22 | 2019-10-22 | Library Block B | 2019-10-22 | AVM | A42386 | B649 | Library Block B | AVM ENG 2018 B649 Or.5 | |||||
| 2019-10-22 | 2019-10-22 | Library Block B | 2019-10-22 | AVM | A43616 | B649 | Library Block B | AVM ENG 2018 B649 Or.6 |